00540cam a22002057a 4500020001800000020001500018041000800033082001300041100002600054245004700080260002700127300001900154490003700173500002200210650001900232650001900251650002500270650003100295650000800326 a9780281062393 a0281062390 aENG a200bBYA1 aByamugisha, Gideon B.10aChurch communities confronting HIV & AIDS  aLondon :bSPCK,c2010. axvii, 110 p. ;1 aSPCK international study guide ; aIncludes indexes. 0aAIDS (Disease) 0aAIDS (Disease) 0aHIV-positive persons 0aChurch and social problems 0aSex